|
|
|
|
| LEADER |
02177ncm a2200565 a 4500 |
| 001 |
nkc20142582585 |
| 003 |
CZ PrNK |
| 005 |
20150121142159.0 |
| 007 |
qu |
| 008 |
140402s2014 xr stl g nn zxx |
| 015 |
|
|
|a cnb002582585
|
| 024 |
2 |
|
|a 979-0-706547-06-0
|q (brož.)
|
| 028 |
2 |
1 |
|a MG 0008
|b Musica Gioia
|
| 040 |
|
|
|a OLA001
|b cze
|d ABA001
|
| 041 |
0 |
|
|g cze
|g eng
|g ger
|
| 043 |
|
|
|a e-xr---
|
| 045 |
|
|
|a x-y-
|
| 048 |
|
|
|a ka01
|
| 072 |
|
7 |
|a 786
|x Hudba pro klávesové nástroje
|2 Konspekt
|9 9
|
| 080 |
|
|
|a 780.8:780.616.433
|2 MRF
|
| 080 |
|
|
|a 78.087.5
|2 MRF
|
| 080 |
|
|
|a 78.089.6
|2 MRF
|
| 100 |
1 |
|
|a Douša, Eduard,
|d 1951-
|7 jn20000400527
|4 cmp
|
| 240 |
1 |
0 |
|a Studie,
|m klavír,
|n č. 2
|
| 245 |
1 |
0 |
|a Studie II.
|h [hudebnina] :
|b deset studií pro klavír = Studies II. : ten studies for piano = Studien II. : zehn studien für Klavier /
|c Eduard Douša ; editor Eva Doušová
|
| 246 |
3 |
1 |
|a Studies II. :
|b ten studies for piano
|
| 246 |
3 |
1 |
|a Studien II. :
|b zehn studien für Klavier
|
| 250 |
|
|
|a 1. vyd.
|
| 260 |
|
|
|a Praha :
|b Musica Gioia,
|c c2014
|
| 300 |
|
|
|a 1 partitura (20 s.) ;
|c 31 cm
|
| 382 |
0 |
1 |
|a klavír
|n 1
|s 1
|
| 546 |
|
|
|a Souběžný název anglicky a německy
|
| 648 |
|
7 |
|a 20.-21. století
|7 ch462155
|2 czenas
|
| 650 |
0 |
7 |
|a hudba pro klavír
|7 ph114721
|2 czenas
|
| 650 |
0 |
7 |
|a instruktivní skladby
|7 ph321709
|z Česko
|y 20.-21. století
|2 czenas
|
| 650 |
0 |
9 |
|a small music pieces
|2 eczenas
|
| 650 |
0 |
9 |
|a instructive compositions
|z Czechia
|y 20th-21st centuries
|2 eczenas
|
| 655 |
|
7 |
|a instruktivní skladby
|7 fd993498
|2 czenas
|
| 655 |
|
7 |
|a partitury pro sólový nástroj
|7 fd201979
|2 czenas
|
| 655 |
|
9 |
|a small music pieces
|2 eczenas
|
| 655 |
|
9 |
|a instructive compositions
|2 eczenas
|
| 655 |
|
9 |
|a scores for solo instrument
|2 eczenas
|
| 700 |
1 |
|
|a Doušová, Eva,
|d 1964-
|7 jo2008409677
|4 edt
|
| 910 |
2 |
|
|a BOA001
|b Mus4-1326.135
|
| 990 |
|
|
|a MU
|
| 995 |
|
|
|a 01
|
| 991 |
|
|
|b 201406
|c NOV
|
| 925 |
|
|
|a klavír
|b Pf
|
| 996 |
6 |
|
|b 2610593293
|c Mus4-1326.135
|l MZK
|r Sklad / do 1 hodiny
|n 0
|p p.v.
|w 001427033
|u 000010
|a 1
|e BOA001
|j MZK50
|s P
|
| 996 |
7 |
|
|b 2610600493
|c Mus4-1326.135
|l MZK
|r Sklad / do 1 hodiny
|n 0
|p kup
|w 001427033
|u 000020
|a 1
|e BOA001
|j MZK50
|s A
|